000 00438nam a22001457a 4500
008 110413t xxu||||| |||| 00| 0 eng d
020 _a1854318853
082 _a345.06 SEA
100 _aSeabrooke, Stephen.
_91031
245 _aCriminal Evidenve and Procedure :
_bThe Essential Framework;
_cStephen Seabrooke /
250 _a2nd ed
260 _alondon :
_bAshford Colour Press ;
_c1996.
300 _axxxix, 500p.;
_c24 cm.
942 _2ddc
_cBK
999 _c347
_d347